Normal view
MARC view
- Harris ,Steve
Entry Personal Name
001 - CONTROL NUMBER
- control field: 99320
003 - CONTROL NUMBER IDENTIFIER
- control field: NUST
005 - DATE AND TIME OF LATEST TRANSACTION
- control field: 20221006142348.0
008 - FIXED-LENGTH DATA ELEMENTS
- fixed length control field: 221006|| aca||aabn | a|a d
040 ## - CATALOGING SOURCE
- Original cataloging agency: NUST
- Transcribing agency: NUST
100 ## - HEADING--PERSONAL NAME
- Personal name: Harris ,Steve
670 ## - SOURCE DATA FOUND
- Source citation: Work cat.: (NUST)180593: Harris ,Steve, Windows Trouble Shooting Guide /, 1994
